000 00294nam a22001337a 4500
008 170530b xxu||||| |||| 00| 0 eng d
020 _a0256014140
041 _aeng
080 _a94(7/8)
100 _a17
101 _aSHH
245 _aRECENT AMERICAN HISTORY
_cBEDTS, R.F
942 _2udc
_cBK
999 _c15045
_d15045